Statistics for World Capitals By Letter - P

Click here to take the quiz!

General Stats

  • This quiz has been taken 23,026 times
  • The average score is 9 of 17

Answer Stats

Country Capital City % Correct
FranceParis
85%
PanamaPanama City
74%
Czech RepublicPrague
74%
North KoreaPyongyang
65%
HaitiPort-au-Prince
65%
KosovoPristina
61%
SurinameParamaribo
61%
South AfricaPretoria
61%
CambodiaPhnom Penh
54%
MontenegroPodgorica
54%
Papua New GuineaPort Moresby
53%
Trinidad & TobagoPort-of-Spain
50%
MauritiusPort Louis
39%
Cape VerdePraia
39%
BeninPorto-Novo
38%
VanuatuPort Vila
37%
F.S. of MicronesiaPalikir
34%

Score Distribution

Percentile by Number Answered

Percent of People with Each Score

Your Score History

You have not taken this quiz